La incidencia del marketing digital en la comercialización de los productos elaborados por (ACOPANELA DE R.L.) municipio de Verapaz, departamento de San Vicente, estudio a realizar en el periodo comprendido de enero a agosto 2021 (Registro nro. 12227)

Detalles MARC
000 -LEADER
fixed length control field 00877nam a2200205Ia 4500
005 - FECHA Y HORA DE LA ÚLTIMA TRANSACCIÓN
control field 20240717095431.0
008 - FIXED-LENGTH DATA ELEMENTS--GENERAL INFORMATION
fixed length control field 240716s9999 xx 000 0 und d
040 ## - CATALOGING SOURCE
Original cataloging agency UPAN
Transcribing agency Biblioteca San Vicente
Description conventions RCAA2
041 ## - LANGUAGE CODE
Language code of text/sound track or separate title spa
082 ## - DEWEY DECIMAL CLASSIFICATION NUMBER
Classification number 380.1
Item number Alf
año de publicación 2021
100 ## - MAIN ENTRY--PERSONAL NAME
Personal name Alférez Morales, Cecilia Rebeca
Relator code aut.
245 #0 - TITLE STATEMENT
Title La incidencia del marketing digital en la comercialización de los productos elaborados por (ACOPANELA DE R.L.) municipio de Verapaz, departamento de San Vicente, estudio a realizar en el periodo comprendido de enero a agosto 2021
260 ## - PUBLICATION, DISTRIBUTION, ETC. (IMPRINT)
Place of publication, distribution, etc San Vicente:
Name of publisher, distributor, etc Universidad Panamericana,
Date of publication, distribution, etc 2021
300 ## - PHYSICAL DESCRIPTION
Extent 188 p.;
Dimensions 28 cm.
650 ## - SUBJECT ADDED ENTRY--TOPICAL TERM
Source of heading or term LEMB
Topical term or geographic name as entry element Marketing digital
General subdivision Comercialización
700 ## - ADDED ENTRY--PERSONAL NAME
Personal name Gómez Mejía, Erick Adonay;
Relator code aut.
700 ## - ADDED ENTRY--PERSONAL NAME
Personal name López Penado, Raúl Mario;
Relator code aut.
700 ## - ADDED ENTRY--PERSONAL NAME
Personal name Parada Lovato, Cristina Abigail
Relator code aut.
942 ## - ADDED ENTRY ELEMENTS (KOHA)
Koha item type Libros
Source of classification or shelving scheme Dewey Decimal Classification
Existencias
Withdrawn status Lost status Source of classification or shelving scheme Damaged status Not for loan Collection code Home library Current library Date acquired Total Checkouts Full call number Barcode Date last seen Copy number Price effective from Koha item type
    Dewey Decimal Classification     Tesario Biblioteca UPAN San Vicente Biblioteca UPAN San Vicente 16/07/2024   380.1 Alf 12102036 16/07/2024 01 16/07/2024 Trabajos de Grado